000
00486nam a2200181Ia 4500
008
090124s9999 xx 000 0 und d
082
_b
103618
100
_a
ठोमरे उमाकांत
245
_a
रंग रुप
250
_a
1
260
_c
1951
300
_a
124
600
_a
ठोमरे उमाकांत
630
_a
रंग रुप
700
_a
ठोमरे उमाकांत
730
_a
रंग रुप
942
_c
BOOK
999
_c
149710
_d
149710